| 000 | 00826cam a22002651 4500 | ||
|---|---|---|---|
| 001 | 19965 | ||
| 003 | BD-RjUL | ||
| 005 | 20211209000514.0 | ||
| 008 | 140226r19461919enk 000 0 eng | ||
| 035 | _a(BD-RjUL)20026 | ||
| 035 | _a(OCoLC)4508424 | ||
| 040 |
_aDLC _cOCl _dDLC _dBD-RjUL _beng |
||
| 041 | _aeng | ||
| 082 |
_a821.8 _bBRP V-1 1889 |
||
| 100 | 1 |
_aBrowning, Robert. _961370 |
|
| 245 | 0 | 0 |
_aPoems and Plays / _cby Robert Browning _nVolume One, 1833 - 1844. |
| 260 |
_aLondon ; _aNew York : _bJ. M. Dent ; _bE. P. Dutton, _c1889. |
||
| 300 |
_a2 v. : _bfronts. (v. 1, port.; v. 2, col. pl.) ; _c21 cm. |
||
| 500 | _aVol. 2 has title: Poems. | ||
| 500 | _aSketch of author's life at end of v. 2. | ||
| 650 | 0 |
_aEnglish drama. _961371 |
|
| 942 |
_2ddc _cBK |
||
| 999 |
_c19965 _d19965 |
||